[Event "It (open)"]
[Site "Cannes (France)"]
[Round "0"]
[White "Videki Sandor (HUN)"]
[Black "Bernard Christophe (FRA)"]
[Result "1/2-1/2"]
[WhiteElo "2441"]
[BlackElo "1694"]

1.c4 Nf6 2.Nc3 d6 3.d4 Bf5 4.f3 e5 5.d5 e4 6.Qd4 exf3 7.gxf3 c5 8.Qf2 Be7 9.h4
O-O 10.e4 Bd7 11.Bd3 b5 12.Nge2 bxc4 13.Bxc4 Bc8 14.Bg5 Nbd7 15.Nf4 Ne5 16.Be2
Rb8 17.O-O-O Qb6 18.Rd2 Ba6 19.Rg1 Bxe2 20.Qxe2 c4 21.Rg2 Rfc8 22.Kb1 Kh8
23.Ka1 Rb7 24.Nh3 Nd3 25.Nf2 Nxf2 26.Rxf2 Qd8 27.Rd4 h6 28.Rh2 Qb6 29.Be3 Qc7
30.Rd2 Nd7 31.Bd4 Bf6 32.Bxf6 Nxf6 33.f4 Re8 34.Rd4 Qb6 35.Qd2 Rbe7 36.Re2 Qc5
37.Qd1 Qc8 38.Re3 Kh7 39.Qe2 Ng4 40.Rg3 f5 41.Rxc4 Qd7 42.Qg2 Nf6 43.e5 dxe5
44.fxe5 Rxe5 45.a3 Ng4 46.Rd4 Ne3 47.Qf2 Qf7 48.Rg1 Rd8 49.d6 Rd7 50.Kb1 Nc4
51.Rgd1 Qe6 52.h5 Ne3 53.Re1 Ng4 54.Rxe5 Nxe5 55.Rd5 Rxd6 {#d} 1/2-1/2

[Event "It (open) \"]
[Site "Cologne (Germany)"]
[Round "5"]
[White "Rechmann Klaus (GER)"]
[Black "Moehring Guenther (GER)"]
[Result "1/2-1/2"]
[WhiteElo "2247"]
[BlackElo "2294"]

1.c4 Nf6 2.Nc3 d6 3.d4 Bf5 4.f3 e5 5.e4 exd4 6.Nce2 Be6 7.Nxd4 Nc6 8.Nxe6 fxe6
9.Bd3 d5 10.exd5 exd5 11.Qe2+ Qe7 12.cxd5 Nxd5 13.Bg5 Qxe2+ 14.Nxe2 Be7
15.Bxe7 Ncxe7 16.Kf2 O-O-O 17.Rhd1 {#d} 1/2-1/2

[Event "It (open)"]
[Site "Dortmund (Germany)"]
[Round "2"]
[White "Rittmeier Bernhard (GER)"]
[Black "Ninov Kiril (BUL)"]
[Result "0-1"]
[WhiteElo "2250"]
[BlackElo "2407"]

1.d4 Nf6 2.c4 d6 3.Nc3 Bf5 4.f3 e5 5.dxe5 dxe5 6.Qxd8+ Kxd8 7.e4 Be6 8.Nd5
Nfd7 9.Be3 c6 10.Nc3 Bc5 11.Bxc5 Nxc5 12.O-O-O+ Ke7 13.g3 f6 14.b3 a5 15.f4
Nba6 16.Be2 a4 17.bxa4 Nb8 18.Nf3 Nbd7 19.Rd2 Nxa4 20.Nxa4 Rxa4 21.Rhd1 Nc5
22.fxe5 fxe5 23.Nxe5 Rha8 24.Kb1 Nxe4 25.Rc2 Rxa2 26.Rxa2 Nc3+ 27.Kb2 Rxa2+
28.Kxc3 Rxe2 29.Nd3 Bf5 30.Nc5 b6 31.Nb3 Rc2+ 32.Kb4 c5+ 33.Kb5 Rb2 34.Kxb6
Rxb3+ 35.Kxc5 Rb2 36.h4 Rb3 37.Rg1 h5 38.Kd5 Be6+ 39.Ke5 Rc3 40.Ra1 Rxc4
41.Ra7+ Bd7 42.Ra5 Rb4 43.Ra7 Ra4 44.Rb7 Ra5+ 45.Kf4 Rd5 46.Ke4 Ke6 47.Ra7 g6
48.Ra6+ Rd6 {#R} 0-1

[Event "It"]
[Site "Frankfurt (Germany)"]
[Round "4"]
[White "Zsinka Laszlo (HUN)"]
[Black "Lenz Juergen (GER)"]
[Result "1-0"]
[WhiteElo "2286"]
[BlackElo "2235"]

1.d4 Nf6 2.c4 d6 3.Nc3 Bf5 4.f3 e5 5.e4 exd4 6.Nce2 Bd7 7.Nxd4 Nc6 8.Be3 g6
9.Nge2 Bg7 10.Nc3 O-O 11.Be2 Re8 12.O-O a6 13.Rc1 Nxd4 14.Bxd4 Bc6 15.Qd2 Nd7
16.Rfd1 Rc8 17.b4 Bxd4+ 18.Qxd4 b6 19.Nd5 Ra8 20.Nc3 Qg5 21.Nd5 Qd8 22.Bf1 a5
23.a3 Ne5 24.f4 Bxd5 25.cxd5 Ng4 26.Bb5 Rf8 27.h3 Nf6 28.Be2 axb4 29.axb4 Qe7
30.Bf3 Ra7 31.e5 Nd7 32.Re1 Qh4 33.Qd2 h5 34.e6 Nf6 35.f5 g5 36.Qe3 g4 37.Qf4
Ra2 38.Rf1 Kh7 39.Rxc7 Kg7 40.Be4 Re2 41.Bf3 Re1 42.g3 Rxf1+ 43.Kxf1 {#r} 1-0

[Event "Ch URS (1/2 final)"]
[Site "Frunze (Kyrgyzstan)"]
[Round "0"]
[White "Aleksandrov Aleksej (BLR)"]
[Black "Ilinsky Vladimir (KGZ)"]
[Result "0-1"]
[WhiteElo "2618"]
[BlackElo "2291"]

1.d4 Nf6 2.c4 d6 3.Nc3 Bf5 4.f3 e5 5.e4 exd4 6.Nd5 Nxd5 7.cxd5 Bd7 8.Ne2 c5
9.dxc6 Nxc6 10.Nxd4 d5 11.Nxc6 bxc6 12.exd5 Bb4+ 13.Bd2 O-O 14.Bxb4 Qh4+ 15.g3
Qxb4+ 16.Qd2 Rfe8+ 17.Be2 Qc5 18.Rd1 Rxe2+ 19.Qxe2 Re8 20.Qxe8+ Bxe8 21.Kd2
cxd5 22.Rc1 Qf2+ 23.Kc3 Bd7 24.Rhd1 d4+ 25.Kb3 Qxf3+ 26.Kc4 Qe3 27.Kb4 Be6
28.b3 g6 29.Re1 Qd2+ 30.Ka3 d3 31.Red1 Qe2 {#R} 0-1

[Event "It"]
[Site "Frunze (Kyrgyzstan)"]
[Round "0"]
[White "Lin Weiguo (CHN)"]
[Black "Imanaliev T (KGZ)"]
[Result "1-0"]
[WhiteElo "2447"]
[BlackElo "2355"]

1.d4 Nf6 2.c4 d6 3.Nc3 Bf5 4.f3 e5 5.e4 exd4 6.Qxd4 Be6 7.b3 c6 8.Bb2 d5
9.cxd5 cxd5 10.Nxd5 Nxd5 11.exd5 Qxd5 12.Qxd5 Bxd5 13.O-O-O Be6 14.Ne2 Nc6
15.Nf4 Bf5 16.g4 Bd7 17.Bc4 Be7 18.Nd5 Rc8 19.Kb1 Be6 20.Bxg7 Bxd5 21.Bxd5 Rg8
22.Bb2 Rc7 23.Be4 h6 24.Bh7 Rg5 25.Bf5 f6 26.Bc1 Rg8 27.Bxh6 Ne5 28.Bf4 Rc3
29.Be4 Nxf3 30.Kb2 Rxg4 31.Kxc3 Rxf4 32.Bxf3 Rxf3+ 33.Kc4 Rf2 34.a4 Rf4+
35.Rd4 Rf3 36.Re1 f5 37.Rh4 Kf8 38.Rh8+ Kg7 39.Rb8 Bf6 40.Rxb7+ Kg6 41.Rxa7 f4
42.Ra6 Kf5 43.Ra5+ Kg6 44.Re6 Kf7 45.Rb6 Bd8 46.Ra7+ {#r} 1-0

[Event "Bundesliga 1988/89 (2nd)"]
[Site "Germany"]
[Round "0"]
[White "Kerpf Bernhard"]
[Black "Lenz Juergen (GER)"]
[Result "0-1"]
[WhiteElo "2240"]
[BlackElo "2235"]

1.d4 Nf6 2.c4 d6 3.Nc3 Bf5 4.f3 e5 5.e4 exd4 6.Qxd4 Nc6 7.Qf2 Be6 8.Nd5 Be7
9.Ne2 O-O 10.Ng3 Ne5 11.Be2 c6 12.Nxe7+ Qxe7 13.O-O Nxc4 14.Bxc4 Bxc4 15.Nf5
Qe5 16.Be3 c5 17.Rfd1 Rfd8 18.Qh4 Be6 19.Bf4 Qxb2 20.Nxd6 c4 21.e5 Ne8 22.Ne4
Rxd1+ 23.Rxd1 c3 24.Qg3 c2 25.Re1 Rd8 26.Bc1 Qb6+ 27.Kh1 Rd1 28.h4 Qb4 29.Rg1
Qd4 30.Nf2 Rxg1+ 31.Kxg1 Qd1+ 32.Kh2 Qxc1 {#R} 0-1

[Event "It (open)"]
[Site "Dieren (Netherlands)"]
[Round "5"]
[White "Krudde Fitzgerald (NED)"]
[Black "Jonker Marc (NED)"]
[Result "1/2-1/2"]
[WhiteElo "2270"]
[BlackElo "2298"]

1.d4 Nf6 2.c4 d6 3.Nc3 Bf5 4.f3 e5 5.e4 exd4 6.Qxd4 Be6 7.b3 g6 8.Bb2 Bg7
9.Rd1 O-O 10.Qd2 a5 11.Nge2 a4 12.Nd4 axb3 13.axb3 Nbd7 14.Bd3 Nc5 15.Bc2 Qe7
16.O-O Rfd8 17.Rfe1 Qd7 18.b4 Na6 19.Nd5 Ne8 20.Bb3 Rab8 21.Ra1 c6 22.Ne3 Nac7
23.Bc3 Ra8 24.Red1 Qe7 25.Ndc2 Be5 26.g3 Qf6 27.Bxe5 dxe5 28.Qe2 Qe7 29.Rxa8
Nxa8 30.Rd2 Nac7 31.Qd1 Rxd2 32.Qxd2 Qd6 33.Qc3 f6 34.Kf2 Qd7 35.c5 Kf8 36.Nc4
Nb5 37.Qe3 Nec7 38.Ke1 Kg7 39.Qd2 Qxd2+ 40.Kxd2 Kf7 41.f4 exf4 42.gxf4 Ke7
43.Ke3 g5 44.f5 Bxc4 45.Bxc4 Na6 46.Bxb5 cxb5 47.Na3 Nxb4 48.Nxb5 Kd7 {#d}
1/2-1/2

[Event "It (open)"]
[Site "Budapest (Hungary)"]
[Round "0"]
[White "Primiceri Nunzio (ITA)"]
[Black "Gruzmann Boris (RUS)"]
[Result "0-1"]
[WhiteElo "2150"]
[BlackElo "2258"]

1.d4 Nf6 2.c4 d6 3.Nc3 Bf5 4.f3 e5 5.e4 exd4 6.Nce2 Bd7 7.Nxd4 g6 8.Nge2 Bg7
9.Nc3 Nc6 10.Be2 Nxe4 11.Nxe4 Bxd4 12.Bg5 f6 13.Bh4 Qe7 14.Bf2 Bxf2+ 15.Nxf2
f5 16.O-O O-O-O 17.b4 Rde8 18.Re1 Nxb4 19.Rb1 Na6 20.Qd5 Bc6 21.Qa5 Qe5 22.Qa3
Qc5 23.Qb2 Rhf8 24.Qd2 Qe3 25.Qa5 Re5 {#R} 0-1

[Event "It (open)"]
[Site "Las Palmas (Spain)"]
[Round "6"]
[White "Anguix Garrido Juan F (ESP)"]
[Black "Benoit Michel (FRA)"]
[Result "1-0"]
[WhiteElo "2403"]
[BlackElo "2205"]

1.d4 d6 2.c4 Nf6 3.Nc3 Bf5 4.f3 e5 5.dxe5 dxe5 6.Qxd8+ Kxd8 7.g3 Be6 8.b3 Bc5
9.Bd2 Nc6 10.Nh3 Ke7 11.Nf2 Nd4 12.Nd3 Nc2+ 13.Kd1 Ne3+ 14.Ke1 Bd4 15.Rc1 Nxf1
16.Rxf1 Bh3 17.Rf2 Bxf2+ 18.Kxf2 Rhd8 19.Bg5 Be6 20.Nxe5 Kf8 21.g4 h6 22.Bf4
a6 23.Nd3 Ne8 24.Nc5 b5 25.cxb5 axb5 26.Nxe6+ fxe6 27.Nxb5 Rxa2 28.Nxc7 Nxc7
29.Rxc7 Rd5 30.Be3 h5 31.h3 g6 32.Rb7 hxg4 33.hxg4 Rb2 34.f4 Rd1 35.Rb8+ Kf7
36.Rb7+ Kf8 37.Rb8+ Kf7 38.Rb7+ Kf8 39.Bc5+ Kg8 40.Rb8+ Kf7 41.Rb7+ Kg8 42.Re7
Rd5 43.b4 g5 44.Rxe6 gxf4 45.Kf3 Rdd2 46.Re7 Rbc2 47.g5 Kf8 48.g6 Rxc5 49.Rf7+
Kg8 50.bxc5 Rc2 51.Rc7 Kf8 52.g7+ Kg8 53.Kxf4 Rxe2 54.c6 Rc2 55.Ke4 {#r} 1-0

[Event "Memorial S.Belavenets"]
[Site "Smolensk (Russia)"]
[Round "-55"]
[White "Khudyakov Alexander (RUS)"]
[Black "Gruzmann Boris (RUS)"]
[Result "1/2-1/2"]
[WhiteElo "2154"]
[BlackElo "2258"]

1.d4 Nf6 2.c4 d6 3.Nc3 Bf5 4.f3 e5 5.e4 exd4 6.Qxd4 Nc6 7.Qd2 Be6 8.b3 g6
9.Bb2 Bg7 10.Nge2 a5 11.Ng3 O-O 12.Be2 h5 13.O-O h4 14.Nh1 Nh5 15.Nd5 Bxb2
16.Qxb2 f5 17.f4 Nf6 18.exf5 Bxf5 19.Bf3 Kh7 20.Nf2 Nxd5 21.cxd5 Nb4 22.Rad1
Qf6 23.Qd2 b6 24.Be2 Rf7 25.Bb5 Na6 26.g4 hxg3 27.hxg3 Nc5 28.Rfe1 Re7
29.Rxe7+ Qxe7 30.Re1 Qg7 31.Kg2 Rf8 32.Re3 g5 33.fxg5 Qxg5 34.Qd4 Rg8 35.Bd3
Nxd3 36.Nxd3 Qg4 37.Nf4 Rg7 38.Kf2 Bb1 39.Qa1 Be4 40.Qe1 Bf5 41.Qh1+ Kg8
42.Qc1 Kh7 43.a3 Kg8 44.Qe1 Kh7 45.b4 axb4 46.axb4 Bc2 47.Qh1+ Kg8 48.Qh6 Bg6
49.Nxg6 Qxg6 50.Qxg6 Rxg6 51.Re8+ Kf7 52.Rc8 Rg4 53.Rxc7+ Kf6 54.Rc6 Rxb4
55.Rxd6+ Ke5 56.Rd8 Rd4 57.Rb8 Rb4 {#d} 1/2-1/2

[Event "Ch World (juniors)"]
[Site "Warsaw (Poland)"]
[Round "0"]
[White "Gretarsson Helgi Ass (ISL)"]
[Black "Garrido Fernandez Daniel (ESP)"]
[Result "1-0"]
[WhiteElo "2462"]
[BlackElo "2229"]

1.d4 Nf6 2.c4 d6 3.Nc3 Bf5 4.f3 e5 5.e4 exd4 6.Nb5 Bg6 7.Nxd4 Nbd7 8.Be3 Ne5
9.Be2 Qd7 10.Nh3 h6 11.O-O Be7 12.Nf4 Bh7 13.Nd5 c6 14.Nxf6+ Bxf6 15.f4 Ng6
16.Nf5 Rd8 17.Bxa7 Ne7 18.Bb6 Nxf5 19.Bxd8 Ne3 20.Qd3 Bxb2 21.Qxe3 Bxa1 22.Bb6
Bf6 23.Rd1 Qe6 24.e5 dxe5 25.Qa3 Qc8 26.Bg4 Qxg4 27.Qa8+ Ke7 28.Bd8+ {#r} 1-0

[Event "It (open)"]
[Site "Finkenstein (Austria)"]
[Round "0"]
[White "Garn Erwin (AUT)"]
[Black "Stichlberger Martin (AUT)"]
[Result "0-1"]
[WhiteElo "2014"]
[BlackElo "2170"]

1.d4 Nf6 2.c4 d6 3.Nc3 Bf5 4.f3 e5 5.dxe5 dxe5 6.Qxd8+ Kxd8 7.e4 Be6 8.Be3 c6
9.O-O-O+ Kc7 10.Bd3 a5 11.Na4 Nfd7 12.Nh3 f6 13.Nf2 Na6 14.Bb1 Ndc5 15.Nc3
Bxc4 16.f4 Bd6 17.f5 Nb4 18.b3 Bf7 19.Rxd6 Kxd6 20.Rd1+ Nd5 21.exd5 cxd5
22.Nfe4+ Nxe4 23.Nxe4+ Kc6 24.Nf2 b5 25.Kb2 Rac8 26.Rc1+ Kb7 27.Bc5 b4 28.g4
h6 29.a3 bxa3+ 30.Kxa3 Rc6 31.Be3 Rxc1 32.Bxc1 Rc8 33.Bd2 Kb6 34.Nd1 d4 35.Be4
Ra8 36.Nb2 Ra6 37.h4 Ra8 38.Na4+ Ka6 39.Nc5+ Kb5 40.Na4 Rb8 41.Bd3+ Kc6 42.Bc2
Bd5 43.Bxa5 Bf3 44.b4 e4 45.Nb2 Rc8 46.Ba4+ Kd6 47.b5 e3 48.b6 Be4 49.Bb4+ Ke5
50.Bd7 Rd8 51.Nc4+ Kf4 52.Ba4 d3 53.Nd6 Bd5 54.b7 Kf3 55.Kb2 Kf2 56.Kc1 d2+
57.Bxd2 exd2+ 58.Kxd2 Bxb7 59.Kc3 Rxd6 60.Bb3 Ke3 61.Bf7 {#R} 0-1

[Event "Ch Hungary (team)"]
[Site "Hungary"]
[Round "8"]
[White "Borsi Imre (HUN)"]
[Black "Gyurkovics Miklos (HUN)"]
[Result "1/2-1/2"]
[WhiteElo "2151"]
[BlackElo "2135"]

1.d4 Nf6 2.c4 d6 3.Nc3 Bf5 4.f3 e5 5.dxe5 dxe5 6.Qxd8+ Kxd8 7.e4 Be6 8.Be3 c6
9.Rd1+ Kc7 10.Bd3 Na6 11.b3 Bc5 12.Kf2 Rad8 13.Nge2 Rd7 14.Bxc5 Nxc5 15.Bc2 a5
16.Nc1 Rhd8 17.Rxd7+ Nfxd7 18.Rd1 f6 19.Ke3 Ra8 20.Nd3 Bf7 21.a4 Ra6 22.Nc1
Rb6 23.g3 Ne6 24.N1e2 Ndc5 25.Rb1 Na6 26.Rf1 Nac5 27.Rb1 Na6 28.Rf1 Nac5
29.Rb1 {#d} 1/2-1/2

[Event "Ch Hungary (team) 1992/93"]
[Site "Hungary"]
[Round "0"]
[White "Kovacs Zoltan (HUN)"]
[Black "Gyurkovics Miklos (HUN)"]
[Result "0-1"]
[WhiteElo "2146"]
[BlackElo "2135"]

1.d4 Nf6 2.c4 d6 3.Nc3 Bf5 4.f3 e5 5.dxe5 dxe5 6.Qxd8+ Kxd8 7.e4 Be6 8.Be3 c6
9.c5 Nbd7 10.Na4 Kc7 11.b3 b5 12.cxb6+ axb6 13.Rc1 Kb7 14.Rc2 b5 15.Nc3 Bb4
16.Ne2 h6 17.Nc1 Nh5 18.g3 f5 19.Bh3 g6 20.Ke2 Ng7 21.Bg2 Nf6 22.h3 Ngh5
23.Bf2 Rhf8 24.Nb1 fxe4 25.fxe4 Nd7 26.Nd3 Ba5 27.g4 Rxf2+ 28.Kxf2 Bb6+ 29.Ke2
Ng3+ 30.Kd2 Nxh1 31.Bxh1 c5 32.Nc3 c4 33.bxc4 Bxc4 34.Bf3 Ra3 35.Nb4 Ba5
36.Rb2 Nc5 {#R} 0-1

[Event "Ch Argentina (qual)"]
[Site "La Plata (Argentina)"]
[Round "0"]
[White "Mendez Ernesto (ARG)"]
[Black "Roman Facundo (ARG)"]
[Result "0-1"]
[WhiteElo "2358"]
[BlackElo "2292"]

1.d4 Nf6 2.c4 d6 3.Nc3 Bf5 4.f3 Nbd7 5.e4 Bg6 6.Be3 e5 7.d5 Be7 8.Qd2 h6 9.Bd3
Nh5 10.Nh3 O-O 11.O-O Nhf6 12.Ne2 a5 13.Ng3 Re8 14.Nf5 Bxf5 15.exf5 c6 16.dxc6
bxc6 17.Be4 Qc7 18.Rac1 Qb7 19.Rfd1 Red8 20.Nf2 Nf8 21.Bd3 d5 22.cxd5 cxd5
23.Bc5 Bxc5 24.Rxc5 Qa7 25.Qc1 Rd6 26.Rc7 Qb8 27.Qc5 Rd8 28.b3 N8d7 29.Qc6 Ra7
30.Rc1 Rxc7 31.Qxc7 Qxc7 32.Rxc7 Rb8 33.Kf1 Kf8 34.Ke2 a4 35.Bc2 axb3 36.Bxb3
Ke7 37.Nd3 Kd6 38.Ra7 e4 39.fxe4 Nxe4 40.Nf4 Rb5 41.Ke3 Nef6 42.Ra6+ Nb6
43.Kd4 Rb4+ 44.Ke3 Ng4+ 45.Ke2 Re4+ 46.Kd3 Rxf4 47.Rxb6+ Kc5 48.Rb7 Rxf5 49.a4
Ne5+ 50.Ke2 Nc6 51.Rb5+ Kd6 52.Kd3 Ne5+ 53.Ke2 Nc6 54.Kd3 Rg5 55.g3 Rf5 56.a5
Rf3+ 57.Kd2 Nxa5 58.Rxd5+ Ke6 59.Rxa5+ Rxb3 60.Ra2 Kf5 61.Ke2 {#R} 0-1

[Event "It (open)"]
[Site "Le Touquet (France)"]
[Round "0"]
[White "Lacrosse Marc (BEL)"]
[Black "Benoit Michel (FRA)"]
[Result "1-0"]
[WhiteElo "2144"]
[BlackElo "2205"]

1.d4 Nf6 2.c4 d6 3.Nc3 Bf5 4.f3 e5 5.e4 exd4 6.Qxd4 Be6 7.b3 Nc6 8.Qd2 a5
9.Bb2 g6 10.Bd3 Bg7 11.Nge2 Nd7 12.O-O O-O 13.Rad1 Nc5 14.Nd5 Ne5 15.Bb1 c6
16.Ne3 Qb6 17.Kh1 Rfd8 18.f4 Ng4 19.Bxg7 Kxg7 20.f5 Nxe4 21.Bxe4 Nxe3 22.fxe6
fxe6 23.Nd4 Nxf1 24.Rxf1 Re8 25.Qf2 Qc7 26.h4 Qe7 27.Nf3 a4 28.b4 Rf8 29.Qd2
a3 30.Rd1 d5 31.Bc2 Kg8 32.Re1 dxc4 33.Ng5 Rf6 34.Bd1 Raf8 35.Bg4 e5 36.Qc3
Rf1+ 37.Rxf1 Rxf1+ 38.Kh2 b5 39.Be6+ Kg7 40.Qxe5+ Qf6 41.Qc7+ Kf8 42.Nxh7+
{#r} 1-0

[Event "It (open)"]
[Site "Massy (France)"]
[Round "5"]
[White "Lacrosse Marc (BEL)"]
[Black "Osman Mihai (FRA)"]
[Result "1-0"]
[WhiteElo "2144"]
[BlackElo "2146"]

1.d4 Nf6 2.c4 d6 3.Nc3 Bf5 4.f3 e5 5.e4 exd4 6.Qxd4 Nc6 7.Qd2 Be6 8.b3 g6
9.Bb2 Bg7 10.Bd3 O-O 11.Nge2 Ne5 12.Bc2 Bxc4 13.f4 Bh6 14.bxc4 Nxc4 15.Qc1 c6
16.Bb3 Nxb2 17.Qxb2 Bg7 18.Ng3 b5 19.e5 b4 20.Na4 dxe5 21.Rd1 Nd5 22.f5 Qg5
23.Bxd5 cxd5 24.Rxd5 Qe3+ 25.Qe2 Qc1+ 26.Qd1 Qe3+ 27.Ne2 Bh6 28.Rf1 e4 29.Nc5
Rac8 30.Qc2 Rxc5 31.Qxc5 Qg5 32.Qd4 Rc8 33.Qxe4 Rf8 34.Rc5 Rd8 35.Rd5 Rf8
36.Rd1 {#r} 1-0

[Event "Ch City (open)"]
[Site "Nassau (USA)"]
[Round "10"]
[White "Goregliad Sergei (USA)"]
[Black "Ritter Mark (USA)"]
[Result "1-0"]
[WhiteElo "2300"]
[BlackElo "2402"]

1.d4 Nf6 2.c4 d6 3.Nc3 Bf5 4.f3 e5 5.e4 exd4 6.Qxd4 Nc6 7.Qf2 Be6 8.Be3 Ne5
9.b3 Be7 10.Rd1 O-O 11.Nge2 Nfd7 12.Nf4 Ng6 13.Nfd5 f5 14.Nxe7+ Nxe7 15.exf5
Nxf5 16.Bd3 Nxe3 17.Qxe3 Qh4+ 18.Qf2 Qh6 19.Nb5 Rac8 20.O-O Ne5 21.Rfe1 a6
22.Nd4 Rce8 23.Be4 Bc8 24.Qg3 Qf4 25.Qxf4 Rxf4 26.g3 Rff8 27.f4 Ng4 28.Bd5+
Kh8 29.Be6 Nh6 30.Bxc8 Rxc8 31.Re7 Ng8 32.Re2 Rfe8 33.Rde1 Rxe2 34.Rxe2 g6
35.Ne6 Re8 36.Kf2 c6 37.Kf3 Nf6 38.g4 d5 39.g5 Nh5 40.cxd5 cxd5 41.Re5 Kg8
42.Nc7 Rc8 43.Nxd5 Rc2 44.Re2 Rxe2 45.Kxe2 Kf7 46.Kf3 Ke6 47.Ke4 Ng7 48.Nf6
Nf5 49.Nxh7 Nd6+ 50.Kf3 b5 51.Nf6 a5 52.Ne4 Nf5 53.Ng3 Nd6 54.h4 b4 55.f5+
gxf5 56.Kf4 Nb5 57.Nxf5 Nc3 58.h5 Kf7 59.Ke5 Nxa2 60.g6+ Kg8 61.Kf6 {#r} 1-0

[Event "It (open)"]
[Site "New Isenburg (Germany)"]
[Date "1992.04.26"]
[Round "8"]
[White "Levitt Jonathan (ENG)"]
[Black "Lenz Juergen (GER)"]
[Result "1-0"]
[WhiteElo "2455"]
[BlackElo "2235"]

1.d4 Nf6 2.c4 d6 3.Nc3 Bf5 4.f3 e5 5.e4 exd4 6.Qxd4 Nc6 7.Qf2 Be6 8.b3 Be7
9.Bb2 O-O 10.Nge2 Nd7 11.Rd1 Nc5 12.Nd5 Bxd5 13.cxd5 Ne5 14.Nd4 Bf6 15.Be2 c6
16.O-O cxd5 17.exd5 Qb6 18.Ba1 a5 19.Nb5 Ned7 20.Bxf6 Nxf6 21.Kh1 Rfe8 22.Bc4
Re5 23.a3 Rd8 24.Rd2 Ncd7 25.Qd4 Qxd4 26.Rxd4 Nb6 27.Rfd1 Kf8 28.Kg1 Ke7
29.Kf2 Kd7 30.Nc3 Rc8 31.h3 Rc5 32.g4 h6 33.R1d3 Rc8 34.f4 Re7 35.g5 Ng8
36.Bb5+ Kd8 37.h4 Rc5 38.a4 Rec7 39.Ne4 Rc2+ 40.Kg3 Nc8 41.Rd2 Rc1 42.Bc4 Nge7
43.R4d3 Nf5+ 44.Kf2 Rh1 45.gxh6 gxh6 46.Ng3 Rh2+ 47.Kf3 Rxd2 48.Rxd2 Nxg3
49.Kxg3 Ke7 {#r} 1-0

[Event "It (cat.3)"]
[Site "Bagneux (France)"]
[Round "2"]
[White "Sinkovics Peter (HUN)"]
[Black "Benoit Michel (FRA)"]
[Result "1-0"]
[WhiteElo "2317"]
[BlackElo "2205"]

1.d4 Nf6 2.c4 d6 3.Nc3 Bf5 4.f3 e5 5.dxe5 dxe5 6.Qxd8+ Kxd8 7.e4 Be6 8.Be3 Na6
9.O-O-O+ Kc8 10.g3 Bc5 11.Bxc5 Nxc5 12.Nh3 a5 13.Nf2 c6 14.Be2 Nfd7 15.f4 f6
16.f5 Bf7 17.g4 a4 18.Kc2 Nb6 19.b3 axb3+ 20.axb3 Ra3 21.Rb1 h5 22.g5 fxg5
23.Rhg1 g4 24.h3 g6 25.hxg4 hxg4 26.Nxg4 gxf5 27.Nxe5 Be6 28.Ng6 Re8 29.Nf4
Bd7 30.Bh5 Re7 31.Ng6 Rh7 32.Bf3 fxe4 33.Nxe4 Bf5 34.Bg4 Rh2+ 35.Kc3 Bxg4
36.Nxc5 Be2 37.Kb4 Ra2 38.Ne7+ Kb8 39.Rg7 Rh4 40.Nxc6+ Kc8 41.Ne7+ Kb8 42.Rbg1
Bf3 43.R1g3 Bh1 44.Rd3 Rb2 45.Rd8+ Ka7 46.Nc8+ Nxc8 47.Rxc8 Rh3 48.Rgg8 Rg2
49.Ra8+ Kb6 50.Rgc8 {#r} 1-0

[Event "Staatsliga"]
[Site "Braunau (Austria)"]
[Round "9"]
[White "Duer Arne (AUT)"]
[Black "Roth Peter (AUT)"]
[Result "1-0"]
[WhiteElo "2386"]
[BlackElo "2262"]

1.c4 d6 2.d4 Nf6 3.Nc3 Bf5 4.f3 e5 5.e4 exd4 6.Qxd4 Be6 7.Be3 Be7 8.Qd2 Nbd7
9.Nd5 O-O 10.Rd1 Nb6 11.b3 Re8 12.Ne2 Nbxd5 13.cxd5 Bd7 14.Nc3 c5 15.dxc6 bxc6
16.Be2 Bf8 17.O-O Qe7 18.Bd4 Be6 19.Bd3 Rad8 20.Qc2 h6 21.Na4 Rc8 22.Rfe1 c5
23.Bxf6 Qxf6 24.Bc4 g6 25.Bxe6 fxe6 26.e5 dxe5 27.Rd7 Re7 28.Red1 Rxd7 29.Rxd7
Bg7 30.Nc3 Rf8 31.Ne4 Qh4 32.Qf2 Qf4 33.Qxc5 h5 34.Qe7 Qf7 35.Rxa7 Qxe7
36.Rxe7 Ra8 37.a4 Rb8 38.Rxe6 Rxb3 39.Rxg6 Ra3 40.Ra6 h4 41.Ng5 e4 42.Ra8+ Bf8
43.fxe4 {#r} 1-0

[Event "It \"]
[Site "Cologne (Germany)"]
[Round "5"]
[White "Schoen Wolfram (GER)"]
[Black "Grigore George-Gabriel (ROM)"]
[Result "0-1"]
[WhiteElo "2403"]
[BlackElo "2476"]

1.d4 Nf6 2.c4 d6 3.Nc3 Bf5 4.f3 e5 5.dxe5 dxe5 6.Qxd8+ Kxd8 7.e4 Be6 8.Be3 c6
9.Nh3 Bxh3 10.gxh3 Nbd7 11.O-O-O Kc7 12.Na4 Be7 13.Rg1 g6 14.Rg2 Rhd8 15.Rgd2
b6 16.a3 Nf8 17.c5 b5 18.Nc3 Rxd2 19.Rxd2 Ne6 20.b4 Rd8 21.a4 Rxd2 22.Kxd2 a5
23.axb5 axb4 24.Na4 Nd7 25.bxc6 Kxc6 26.Bc4 Ndxc5 27.Bd5+ Kb5 28.Nb2 Bg5
29.Nc4 Bxe3+ 30.Kxe3 f6 31.Nd6+ Ka4 32.Ne8 b3 33.Nxf6 h5 34.Ne8 Nf4 35.Bf7
Nce6 36.Kd2 b2 37.Kc2 Ka3 38.Bxe6 Nxe6 39.Kb1 Nc5 40.Nd6 Kb3 {#R} 0-1

[Event "It (open)"]
[Site "Hamburg (Germany)"]
[Round "1"]
[White "Bener Anna (SWE)"]
[Black "Dittler Volkfried (GER)"]
[Result "1-0"]
[WhiteElo "2070"]
[BlackElo "1677"]

1.d4 Nf6 2.c4 d6 3.Nc3 Bf5 4.f3 c6 5.e4 Bg6 6.Bd3 Nbd7 7.Nge2 e5 8.O-O Be7
9.Be3 O-O 10.d5 cxd5 11.cxd5 a6 12.Rc1 b5 13.Qd2 Rc8 14.a3 Nc5 15.Bc2 h6
16.Na2 Ncd7 17.Nb4 Nb8 18.Bd3 Nfd7 19.Rxc8 Qxc8 20.Rc1 Qd8 21.Nc6 Nxc6 22.Rxc6
Nc5 23.Bxc5 dxc5 24.Rxa6 c4 25.Bc2 Bd6 26.Nc3 Qb8 27.a4 bxa4 28.Nxa4 f5
29.exf5 Bxf5 30.Bxf5 Rxf5 31.Qa5 Rf8 32.Nb6 e4 33.Nd7 Qxb2 34.Rxd6 exf3
35.gxf3 Qc1+ 36.Kf2 Qc2+ 37.Kg3 Re8 38.Nc5 Re2 39.Qd8+ Kh7 40.Re6 Rg2+ 41.Kf4
Rg1 42.h4 Qh2+ 43.Kf5 g6+ 44.Ke4 Re1+ 45.Kd4 Qb2+ 46.Kxc4 Rc1+ 47.Kd3 Qc2+
48.Kd4 Qxc5+ 49.Ke5 Re1+ 50.Kf6 Qd4+ 51.Ke7 Qxh4+ 52.Ke8 Qa4+ 53.Qd7+ Qxd7+
54.Kxd7 Rc1 55.d6 h5 56.Ke7 Ra1 57.d7 Ra7 58.Ke8 {#r} 1-0

[Event "Ch Hungary (team) 1992/93"]
[Site "Hungary"]
[Round "0"]
[White "Bokor Istvan (HUN)"]
[Black "Gyurkovics Miklos (HUN)"]
[Result "1/2-1/2"]
[WhiteElo "2226"]
[BlackElo "2135"]

1.d4 Nf6 2.c4 d6 3.Nc3 Bf5 4.f3 e5 5.dxe5 dxe5 6.Qxd8+ Kxd8 7.e4 Be6 8.Be3
Nbd7 9.Bd3 c6 10.b3 Bc5 11.Bd2 Bd4 12.Nge2 Nc5 13.Bc2 a5 14.O-O-O Ke7 15.Nxd4
exd4 16.Ne2 d3 17.Be3 Nxb3+ 18.axb3 dxe2 19.Rd2 a4 20.Bc5+ Ke8 21.Kb2 Nd7
22.Bd4 c5 23.Bf2 b5 24.Ra1 Ke7 25.cxb5 axb3 26.Rxa8 Rxa8 27.Bxb3 c4 28.Bc2
Ra2+ 29.Kc3 Ra3+ 30.Kd4 Ra2 31.Rxe2 Rb2 32.Kc3 Rxb5 33.Re1 f6 34.Ra1 Rb7
35.Ra6 Bf7 36.Be3 Rc7 37.Ra7 Rxa7 38.Bxa7 Kd6 39.Kd4 Be6 40.Ba4 Kc7 41.f4 Kb7
42.Bc5 Kc7 43.Bb4 Nb8 44.Bb5 Nc6+ 45.Kc5 Nxb4 46.Kxb4 Kd6 47.Bxc4 Bd7 48.Bg8
h6 49.Kc4 Ba4 50.Kd4 Bc2 51.Bh7 Bd1 52.Bf5 Bb3 53.Bg4 Bc2 54.Be2 Bb3 55.Bc4
Bc2 56.Bd5 Ba4 57.Bc4 Bc2 58.Bd3 Ba4 59.Bb1 Bb5 60.Bc2 Bc6 61.Bb3 Bb5 62.e5+
fxe5+ 63.fxe5+ Ke7 64.Ke4 Bd7 65.Bd5 Bc8 66.Kf4 Bd7 67.h4 Bc8 68.g4 Bd7 69.Be4
Bc8 70.g5 Bd7 71.Bf5 Ba4 72.Bd3 Bd7 73.Be2 Bc8 74.Bg4 Ba6 75.Bf5 Bb5 76.Bc8
Bd3 77.Kg4 hxg5 78.Kxg5 Bb5 79.Kg6 Kf8 80.Bf5 Be8+ 81.Kh7 Bc6 82.h5 Be8 83.Bg4
Ke7 {#d} 1/2-1/2

[Event "Tournament"]
[Site "Mar del Plata (Argentina)"]
[Round "0"]
[White "Cristobal Ruben (ARG)"]
[Black "Vasta Eduardo (ARG)"]
[Result "1/2-1/2"]
[WhiteElo "2164"]
[BlackElo "2325"]

1.c4 Nf6 2.Nc3 d6 3.d4 Bf5 4.f3 e5 5.dxe5 dxe5 6.Qxd8+ Kxd8 7.Bg5 c6 8.e4 Be6
9.O-O-O+ Nd7 10.f4 exf4 11.Nf3 h6 12.Bxf4 Ng4 13.Rd2 Bc5 14.Nd4 Bxd4 15.Rxd4
Ke8 16.Be2 Nge5 17.Rhd1 f6 18.b3 Kf7 19.Na4 b6 20.g4 Ke7 21.h4 Rad8 22.g5 hxg5
23.hxg5 fxg5 24.Bxg5+ Nf6 25.Bf4 Rxd4 26.Rxd4 Nfd7 27.Bg5+ Kf7 28.Rd1 Rh2
29.Nc3 Rg2 30.Rf1+ Kg8 31.Bf4 g5 32.Be3 g4 33.Kd1 Rh2 34.Ke1 Kg7 35.Nd1 Rh3
36.Bf4 Ng6 37.Bg5 Nge5 38.Ne3 Nf3+ 39.Bxf3 gxf3 40.Nd1 Nc5 41.Nf2 Rh2 42.Rg1
Rg2 43.Kf1 Rxg1+ 44.Kxg1 Bf7 45.Be3 Nd7 46.Kh2 Kf6 47.Bd4+ Ke6 48.Kg3 a5
49.Kxf3 a4 50.Ke3 Kd6 51.Nd3 axb3 52.axb3 c5 53.Bc3 Kc6 54.Kf4 b5 55.cxb5+
Kxb5 56.Nc1 Bxb3 57.Nxb3 Kc4 {#d} 1/2-1/2